书目信息 |
| 题名: |
美德书
|
|
| 作者: | 魏晋风 , 唐继军 编著 | |
| 分册: | ||
| 出版信息: | 北京 中国华侨出版社 2006 |
|
| 页数: | 318页 | |
| 开本: | 23cm | |
| 丛书名: | 中国经典文化书系 | |
| 单 册: | ||
| 中图分类: | B825 | |
| 科图分类: | ||
| 主题词: | 道德修养--Dao De Xiu Yang--格言--汇编--中国 | |
| 电子资源: | ||
| ISBN: | 7-80222-069-6 | |
| 000 | 01002nam 2200289 450 | |
| 001 | CAL 012006076393 | |
| 005 | 20061121153056.34 | |
| 010 | @a7-80222-069-6@dCNY 32.00 | |
| 099 | @aCAL 012006076393 | |
| 100 | @a20060703d2006 ekmy0chiy50 ea | |
| 101 | 0 | @achi |
| 102 | @aCN@b110000 | |
| 105 | @aa z 000ay | |
| 200 | 1 | @a美德书@AMei De Shu@e中华传统美德格言800条@f魏晋风,唐继军编著@Fwei jin feng,tang ji jun bian zhu |
| 210 | @a北京@c中国华侨出版社@d2006 | |
| 215 | @a318页@c图@d23cm | |
| 225 | 2 | @a中国经典文化书系@AZhong Guo Jing Dian Wen Hua Shu Xi |
| 330 | @a本书含忠、孝、智、勇、礼、义、廉、耻八篇内容。有提示揭示其含义。 | |
| 410 | 0 | @12001 @a中国经典文化书系 |
| 517 | 1 | @a中华传统美德格言800条@AZhong Hua Chuan Tong Mei De Ge Yan 800 Tiao |
| 606 | 0 | @a道德修养@ADao De Xiu Yang@x格言@x汇编@y中国 |
| 690 | @aB825@v4 | |
| 701 | 0 | @a魏晋风@AWei Jin Feng@4编著 |
| 701 | 0 | @a唐继军@ATang Ji Jun@4编著 |
| 801 | @aCN@c20061121 | |
| 905 | @a10447@dB825@eW585 | |
| 998 | @aTJDX | |
| 美德书:中华传统美德格言800条/魏晋风,唐继军编著.-北京:中国华侨出版社,2006 |
| 318页:图;23cm.-(中国经典文化书系) |
| ISBN 7-80222-069-6:CNY 32.00 |
| 本书含忠、孝、智、勇、礼、义、廉、耻八篇内容。有提示揭示其含义。 |
| ● |
| 相关链接 |
|
|
|
正题名:美德书
索取号:B825/W585
 
预约/预借
| 序号 | 登录号 | 条形码 | 馆藏地/架位号 | 状态 | 备注 |
| 1 | 613527 | 206135270 | 社科库509/509社科库 30排1列4层/ [索取号:B825/W585] | 在馆 | |
| 2 | 613528 | 206135289 | 社科库509/509社科库 30排1列4层/ [索取号:B825/W585] | 在馆 | |
| 3 | 613529 | 206135298 | 社科库509/509社科库 30排1列4层/ [索取号:B825/W585] | 在馆 |